000
00312nam a22001337a 4500
008
170821b xxu||||| |||| 00| 0 eng d
020
_a
0618506845
041
_a
eng
080
_2
7TH
_a
51
100
_a
37
101
_a
MAT
245
_a
INTERMEDIATE ALGEBRA AN APPLIED APPROACH
_c
AUFMANN,R.N
942
_2
udc
_c
BK
999
_c
24332
_d
24332